Vízie, iniciatívy a perspektívy elektromobility a jej vplyv na predajcov osobných automobilov na Slovensku v dynamike nízkouhlíkovej dopravy habilitačná prednáška

Gespeichert in:
Bibliographische Detailangaben
1. Verfasser: Richnák, Patrik, 1988-
Körperschaft: Ekonomická univerzita v Bratislave. Obchodná fakulta
Format: Buch
Sprache:Slowakisch
Veröffentlicht: Bratislava Vydavateľstvo EKONÓM 2023
Ausgabe:1. vydanie
Schlagworte:
Tags: Tag hinzufügen
Keine Tags, Fügen Sie das erste Tag hinzu!

MARC

LEADER 00000nam a2200000 4500
001 0297956
005 20240306142118.4
020 |a 978-80-225-5098-7 
041 0 |a slo 
044 |a SK 
245 1 0 |a Vízie, iniciatívy a perspektívy elektromobility a jej vplyv na predajcov osobných automobilov na Slovensku v dynamike nízkouhlíkovej dopravy  |b habilitačná prednáška  |c Patrik Richnák 
250 |a 1. vydanie 
264 1 |a Bratislava  |b Vydavateľstvo EKONÓM  |c 2023 
300 |a 146 s. 
610 2 0 |a doprava 
610 2 0 |a doprava cestná 
610 2 0 |a elektromobilita 
610 2 0 |a elektromobily 
610 2 0 |a emisie 
610 2 0 |a automobily osobné 
610 2 0 |a predaj 
100 1 |a Richnák, Patrik, 1988- 
710 2 |a Ekonomická univerzita v Bratislave. Obchodná fakulta